Catálogo público

Ovinos / (Record no. 109169)

MARC details
000 -CABECERA
campo de control de longitud fija 00916nam a2200301 a 4500
001 - NÚMERO DE CONTROL
campo de control 000112708
003 - IDENTIFICADOR DEL NÚMERO DE CONTROL
campo de control CHAP
005 - FECHA Y HORA DE LA ÚLTIMA TRANSACCIÓN
campo de control 20250322162306.0
008 - DATOS DE LONGITUD FIJA--INFORMACIÓN GENERAL
campo de control de longitud fija 161005s2014 mx a |r| |||||||spa d
010 ## - NÚMERO DE CONTROL DE LA BIBLIOTECA DEL CONGRESO
Número de control de LC 109169
011 ## - ENLACE DEL NUMERO DE CONTROL DE LA BIBLIOTECA DEL CONGRESO [OBSOLETO]
Número de control de LC 110141
020 ## - NÚMERO INTERNACIONAL ESTÁNDAR DEL LIBRO
Número Internacional Estándar del Libro 9786071718211
040 ## - FUENTE DE LA CATALOGACIÓN
Centro/agencia transcriptor CHAP
082 00 - NÚMERO DE LA CLASIFICACIÓN DECIMAL DEWEY
Número de edición 22
Número de clasificación 636.31
Número de documento/Ítem O96 2014
100 00 - ENTRADA PRINCIPAL--NOMBRE DE PERSONA
Nombre de persona Koeslag, Johan H.
9 (RLIN) 63613
245 10 - MENCIÓN DE TÍTULO
Título Ovinos /
Mención de responsabilidad, etc. por Johan H. Koeslag; con la colaboración de F. R. Kirchner Salinas ...[et al.].
250 ## - MENCIÓN DE EDICIÓN
Mención de edición 4 ed.
300 ## - DESCRIPCIÓN FÍSICA
Extensión 142 p. :
Otras características físicas il.
490 1# - MENCIÓN DE SERIE
Mención de serie Manuales para educación agropecuaria. Producción animal
650 14 - PUNTO DE ACCESO ADICIONAL DE MATERIA--TÉRMINO DE MATERIA
Término de materia o nombre geográfico como elemento de entrada Ganado lanar.
9 (RLIN) 45150
700 1# - PUNTO DE ACCESO ADICIONAL--NOMBRE DE PERSONA
Nombre de persona Kirchner Salinas, F. R.
9 (RLIN) 131124
830 0# - PUNTO DE ACCESO ADICIONAL DE SERIE-TÍTULO UNIFORME
Título uniforme Manuales para educación agropecuaria. Área producción animal (Trillas)
9 (RLIN) 70694
942 ## - ELEMENTOS DE PUNTO DE ACCESO ADICIONAL (KOHA)
Tipo de ítem Koha Libro_
Fuente del sistema de clasificación o colocación Dewey Decimal Classification
942 ## - ELEMENTOS DE PUNTO DE ACCESO ADICIONAL (KOHA)
Fuente del sistema de clasificación o colocación Dewey Decimal Classification
Tipo de ítem Koha Libro_
260 ## - PUBLICACIÓN, DISTRIBUCIÓN, ETC.
Lugar de publicación, distribución, etc. México :
Nombre del editor, distribuidor, etc. Trillas,
Fecha de publicación, distribución, etc. 2014.
590 ## - NOTA LOCAL (RLIN)
Nota local E6096MTM
Procedencia (VM) [OBSOLETO] 05
Condición del los carretes individuales (VM) [OBSOLETO] 20161005
901 ## - ELEMENTOS DE DATOS A LOCAL LDA (RLIN)
a BK
Holdings
Estado de retiro Estado de pérdida Fuente del sistema de clasificación o colocación Estado dañado Restricciones de uso No para préstamo Código de colección Localización permanente Ubicación/localización actual Ubicación en estantería Fecha de adquisición Total de préstamos Signatura topográfica completa Código de barras Fecha visto por última vez Fecha del último préstamo Número de copia Precio válido a partir de Tipo de ítem Koha Renovaciones totales Información codificada de la localización en otra ubicación Nota pública En préstamo
    Dewey Decimal Classification   Préstamo 15 días   General Biblioteca Central Biblioteca Central Planta principal - Colección General 09/04/2018 5 636.31 O96 2014 33724002547470 10/02/2025 24/01/2025 c.2 09/04/2018 Libro        
    Dewey Decimal Classification   Préstamo 15 días   General Biblioteca Central Biblioteca Central Planta principal - Colección General 09/04/2018 5 636.31 O96 2014 33724002547512 21/05/2025 13/05/2025   09/04/2018 Libro 4      
    Dewey Decimal Classification   Préstamo 15 días   General Biblioteca Central Biblioteca Central Planta principal - Colección General 09/04/2018   636.31 O96 2014 33724002577248 14/06/2023   c.3 14/06/2023 Libro        
    Dewey Decimal Classification   Préstamo 15 días   General Biblioteca Central Biblioteca Central Planta principal - Colección General 09/04/2018 12 636.31 O96 2014 33724002577207 21/04/2026 21/04/2026 c.4 14/06/2023 Libro 7     06/05/2026
        Préstamo interno2   Folletos Centro Regional San Luis Acatlán Centro Regional San Luis Acatlán   05/10/2016   Folleto 7300 (2014) 02000000749 31/12/2019     31/12/2019 Folleto   FOLL Recien adquirido  
        Préstamo interno   Folletos Centro Regional San Luis Acatlán Centro Regional San Luis Acatlán   05/10/2016   Folleto 7300 (2014) 02000000750 31/12/2019   c.2 31/12/2019 Folleto   FOLL Recien adquirido  
        Préstamo interno   Folletos Centro Regional San Luis Acatlán Centro Regional San Luis Acatlán   05/10/2016   Folleto 7300 (2014) 02000000786 31/12/2019   c.3 31/12/2019 Folleto   FOLL Recien adquirido  
        Préstamo interno   Folletos Centro Regional San Luis Acatlán Centro Regional San Luis Acatlán   05/10/2016   Folleto 7300 (2014) 02000000787 31/12/2019   c.4 31/12/2019 Folleto   FOLL Recien adquirido  
        Préstamo interno   Folletos Centro Regional San Luis Acatlán Centro Regional San Luis Acatlán   06/06/2017   Folleto 7300 2014 02000001000 31/12/2019   c.5 31/12/2019 Folleto   FOLL Recien adquirido